header

Archaeology and apprenticeship (Record no. 70380)

MARC details
000 -LEADER
fixed length control field 01482nam a2200373 a 4500
082 04 - DEWEY DECIMAL CLASSIFICATION NUMBER
Classification number 930.1
245 00 - TITLE STATEMENT
Title Archaeology and apprenticeship
260 ## - PUBLICATION, DISTRIBUTION, ETC. (IMPRINT)
Place of publication Tucson :
Name of publisher University of Arizona Press,
Year of publication 2012.
300 ## - PHYSICAL DESCRIPTION
Number of Pages vi, 276 p. :
Other physical details ill., maps.
650 #0 - SUBJECT ADDED ENTRY--TOPICAL TERM
Topical Term Ethnoarchaeology.
Topical Term Social archaeology.
Topical Term Apprenticeship programs
Topical Term Material culture.
Topical Term Industries, Primitive.
Topical Term Knowledge management.
Topical Term Communities of practice.
700 1# - ADDED ENTRY--PERSONAL NAME
Personal name Wendrich, Willeke.
856 40 - ELECTRONIC LOCATION AND ACCESS
Uniform Resource Identifier http://site.ebrary.com/lib/rucke/Doc?id=10631215

No items available.

© 2026 Rongo University
Contact us: librarian | system librarian | Rongo university